Songs from the First Line(s) - 1992 - Statistics

General Stats
  • This quiz has been taken 87 times
  • The average score is 12 of 30
Answer Stats
Hint Answer % Correct
Songs You should know, you should know that, ahh / Kris Kross is not having anything today / As we stand there totally crossed out Artist(s) Kris Kross
77%
Songs I like big butts and I can not lie / You other brothers can't deny / That when a girl walks in with an itty bitty waist Artist(s) Sir Mix-A-Lot
72%
Songs Would you know my name if I saw you in heaven? / Would it be the same if I saw you in heaven? / I must be strong and carry on Artist(s) Eric Clapton
69%
Songs Would you know my name if I saw you in heaven? / Would it be the same if I saw you in heaven? / I must be strong and carry on Song Tears In Heaven
69%
Songs I can show you the world / Shining, shimmering, splendid / Tell me, princess, now when did / You last let your heart decide? Song A Whole New World
66%
Songs I like big butts and I can not lie / You other brothers can't deny / That when a girl walks in with an itty bitty waist Song Baby Got Back
66%
Songs You should know, you should know that, ahh / Kris Kross is not having anything today / As we stand there totally crossed out Song Jump
66%
Songs Rhythm is a dancer / It's a soul's companion / People feel it everywhere, mm / Lift your hands and voices / Free your mind and join us Song Rhythm Is a Dancer
64%
Songs Word, word, bust it! / Informer / You no say Daddy me Snow me, I'll go blame / A licky boom-boom down Song Informer
54%
Songs If I should stay / I would only be in your way / So I'll go but I know / I'll think of you every step of the way Artist(s) Whitney Houston
53%
Songs If I should stay / I would only be in your way / So I'll go but I know / I'll think of you every step of the way Song I Will Always Love You
51%
Songs Word, word, bust it! / Informer / You no say Daddy me Snow me, I'll go blame / A licky boom-boom down Artist(s) Snow
47%
Songs Sometimes the snow comes down in June / Sometimes the sun goes round the moon / I see the passion in your eyes / Sometimes it's all a big surprise Song Save The Best For Last
46%
Songs Is it getting better / Or do you feel the same? / Will it make it easier on you, now / You got someone to blame? / You say one love, one life Song One
45%
Songs Is it getting better / Or do you feel the same? / Will it make it easier on you, now / You got someone to blame? / You say one love, one life Artist(s) U2
43%
Songs Sometimes the snow comes down in June / Sometimes the sun goes round the moon / I see the passion in your eyes / Sometimes it's all a big surprise Artist(s) Vanessa Williams
42%
Songs Look into my eyes, can't you see they're open wide? / Would I lie to you, baby, would I lie to you? (Oh, yeah) Song Would I Lie To You?
42%
Songs Rhythm is a dancer / It's a soul's companion / People feel it everywhere, mm / Lift your hands and voices / Free your mind and join us Artist(s) Snap!
36%
Songs When I look into your eyes / I can see a love restrained / But, darlin', when I hold you / Don't you know I feel the same? Yeah Artist(s) Guns N' Roses
31%
Songs When I look into your eyes / I can see a love restrained / But, darlin', when I hold you / Don't you know I feel the same? Yeah Song November Rain
31%
Songs I can show you the world / Shining, shimmering, splendid / Tell me, princess, now when did / You last let your heart decide? Artist(s) Peabo Bryson / Regina Belle
30%
Songs We belong together / And you know that I'm right / Why do you play with my heart / Why do you play with my mind? / Said we'd be forever Artist(s) Boyz II Men
26%
Songs We belong together / And you know that I'm right / Why do you play with my heart / Why do you play with my mind? / Said we'd be forever Song End Of The Road
23%
Songs Look into my eyes, can't you see they're open wide? / Would I lie to you, baby, would I lie to you? (Oh, yeah) Artist(s) Charles & Eddie
18%
Songs You can tell the world you never was my girl / You can burn my clothes when I'm gone / Or you can tell your friends just what a fool I've been Song Achy Breaky Heart
14%
Songs You can tell the world you never was my girl / You can burn my clothes when I'm gone / Or you can tell your friends just what a fool I've been Artist(s) Billy Ray Cyrus
14%
Songs If this world is wearing thin / And you're thinking of escape / I'll go anywhere with you / Just wrap me up in chains Song Stay
14%
Songs If this world is wearing thin / And you're thinking of escape / I'll go anywhere with you / Just wrap me up in chains Artist(s) Shakespears Sister
11%
Songs Mornings alone / When you come home / I breathe a little faster / Every time we're together / It'd never be the same Song Just Another Day
3%
Songs Mornings alone / When you come home / I breathe a little faster / Every time we're together / It'd never be the same Artist(s) Jon Secada
1%
No matching quizzes found
Score Distribution
Percent of People with Each Score
Percentile by Number Answered
Your Score History
You have not taken this quiz